Skylanders Trap Team Villans - Statistics

General Stats
  • This quiz has been taken 170 times
  • The average score is 28 of 46
Answer Stats
Answer % Correct
Chompy
87%
Gulper
87%
Chompy Mage
83%
Golden Queen
82%
Sheep Creep
82%
Wolfgang
82%
Chef Pepper Jack
81%
Kaos
79%
Chill Bill
76%
Dream Catcher
76%
Pain-Yatta
73%
Bomb Shell
70%
Broccoli Guy
66%
Bone Chompy
65%
Dr. Krankcase
64%
Rage Mage
64%
Eye Five
62%
Brawl and Chain
59%
Hood Sickle
59%
Blastertron
58%
Tussle Sprout
58%
Brawlrus
57%
Buzzer Beak
57%
Eye Scream
57%
Shrednaught
57%
Grave Clobber
56%
Cross Crow
55%
Luminous
55%
Slobber Trap
55%
Chomp Chest
54%
Krankenstein
54%
Threatpack
54%
Bruiser Cruiser
53%
Bad Juju
52%
Masker Mind
52%
Nightshade
52%
Tae Kwon Crow
51%
Cuckoo Clocker
50%
Grinnade
50%
Scrap Shooter
50%
Fisticuffs
49%
Shield Shredder
49%
Smoke Scream
48%
Trolling Thunder
47%
Mab Lobs
44%
Lob Goblin
39%
No matching quizzes found
Score Distribution
Percent of People with Each Score
Percentile by Number Answered
Your Score History
You have not taken this quiz